000 00462nam a2200181Ia 4500
001 3761
005 20260306145707.0
008 260306t1998||||xx |||||||||||||| ||spa||
041 _aESP
082 _a302.5
_bR74
100 _aRodríguez, Ernesto
_eAUT
245 0 _aLa juventud latinoamericana en los procesos de globalización texto impreso
260 _c1998
300 _a384páginas :
_c
650 _aGEN
654 _aCED
942 _cLIB
_dJUS
_fJUS
_2ddc
_n
999 _c3761
_d3761